[Event "23rd OIBM 2019"]
[Site "Gmund am Tegernsee"]
[Date "2019.11.03"]
[Round "9.34"]
[White "Soham Das"]
[Black "Ryzhkov, Vadim"]
[Result "1-0"]
[WhiteElo "2376"]
[BlackElo "2187"]
[Annotator "RC"]
[PlyCount "115"]
[EventDate "2019.10.17"]
[EventType "swiss"]
[EventCountry "GER"]
[SourceTitle "playchess.com"]
[Source "ChessBase"]
[SourceQuality "1"]
[TimeControl "40/5400+30:1800+30"]

1. e4 {[%emt 0:00:29]} e6 {[%emt 0:00:00]} 2. d3 {[%emt 0:00:20]} d5 {[%emt 0:00:00]} 3. Qe2 {[%emt 0:00:10]} Be7 {[%emt 0:00:14]} 4. Nf3 {[%emt 0:00:07]} b6 {[%emt 0:01:13]} 5. g3 {[%emt 0:02:09]} Bb7 {[%emt 0:00:54]} 6. Bg2 {[%emt 0:00:28]} Nf6 {[%emt 0:05:14]} 7. e5 {[%emt 0:03:22]} Nfd7 {[%emt 0:00:13]} 8. h4 {[%emt 0:01:01]} h6 {[%emt 0:02:28]} 9. O-O {[%emt 0:18:47]} c5 {[%emt 0:12:20]} 10. c4 {[%emt 0:07:53]} d4 {[%emt 0:00:40]} 11. Re1 {[%emt 0:02:03]} Qc7 {[%emt 0:09:57]} 12. Nbd2 {[%emt 0:16:02]} Nc6 {[%emt 0:00:25]} 13. Nf1 {[%emt 0:00:07]} Bf8 {[%emt 0:10:46]} 14. Bf4 {[%emt 0:10:09]} Ne7 {[%emt 0:05:01]} 15. N1h2 {[%emt 0:05:11]} Qc6 {[%emt 0:03:14]} 16. h5 {[%emt 0:01:23]} g6 {[%emt 0:06:38]} 17. Ng4 {[%emt 0:03:46]} O-O-O {[%emt 0:00:54]} 18. Nf6 {[%emt 0:06:00]} g5 {[%emt 0:04:31]} 19. Ne4 {[%emt 0:00:59]} Nf5 {[%emt 0:03:35]} 20. Bd2 {[%emt 0:05:38]} Kb8 {[%emt 0:02:22]} 21. b4 {[%emt 0:01:55]} g4 {[%emt 0:02:32]} 22. Nh2 {[%emt 0:00:12]} cxb4 {[%emt 0:00:22]} 23. Nxg4 {[%emt 0:00:08]} Be7 {[%emt 0:04:12]} 24. Reb1 {[%emt 0:03:35]} a5 {[%emt 0:06:07]} 25. Kh2 {[%emt 0:02:39]} Kc7 {[%emt 0:01:36]} 26. Bh1 {[%emt 0:01:16]} Qa4 {[%emt 0:01:32]} 27. a3 {[%emt 0:04:46]} bxa3 {[%emt 0:04:35]} 28. Bc1 {[%emt 0:00:04]} Bb4 {[%emt 0:00:47]} 29. Bxa3 {[%emt 0:02:22]} Bxa3 {[%emt 0:00:14]} 30. Qa2 {[%emt 0:00:12]} Rhg8 {[%emt 0:07:23]} 31. Bf3 {[%emt 0:01:16]} Rb8 {[%emt 0:01:31]} 32. Rb5 {[%emt 0:00:39]} Bc6 {[%emt 0:01:23]} 33. Bd1 {[%emt 0:00:40]} Qxd1 {[%emt 0:01:41]} 34. Rxd1 {[%emt 0:00:14]} Bxb5 {[%emt 0:00:10]} 35. cxb5 {[%emt 0:00:52]} Bc5 {[%emt 0:00:53]} 36. Ngf6 {[%emt 0:00:35]} Nxf6 {[%emt 0:00:49]} 37. Nxf6 {[%emt 0:00:15]} Rgc8 {[%emt 0:00:36]} 38. Rc1 {[%emt 0:00:28]} Kd8 {[%emt 0:00:44]} 39. g4 {[%emt 0:00:27]} Ne7 {[%emt 0:01:04]} 40. Qd2 {[%emt 0:00:25]} Bb4 {[%emt 0:00:25]} 41. Qxh6 {[%emt 0:30:05]} Rxc1 {[%emt 0:30:21]} 42. Qxc1 {[%emt 0:00:34]} Rc8 {[%emt 0:00:00]} 43. Qf4 {[%emt 0:00:00]} Bc5 {[%emt 0:00:00]} 44. Ne4 {[%emt 0:00:00]} a4 {[%emt 0:00:00]} 45. Qxf7 {[%emt 0:00:00]} a3 {[%emt 0:00:00]} 46. Qxe6 {[%emt 0:00:00]} Ra8 {[%emt 0:00:00]} 47. Qf7 {[%emt 0:00:00]} Kd7 {[%emt 0:00:00]} 48. Nf6+ {[%emt 0:00:00]} Kc8 {[%emt 0:00:00]} 49. Qe8+ {[%emt 0:00:00]} Kb7 {[%emt 0:00:00]} 50. Qd7+ {[%emt 0:00:00]} Kb8 {[%emt 0:00:00]} 51. h6 {[%emt 0:00:00]} Ra7 {[%emt 0:00:00]} 52. Qd8+ {[%emt 0:00:00]} Nc8 {[%emt 0:00:00]} 53. Nd7+ {[%emt 0:00:00]} Kb7 {[%emt 0:00:00]} 54. Nxc5+ {[%emt 0:00:00]} bxc5 {[%emt 0:00:00]} 55. h7 {[%emt 0:00:00]} a2 {[%emt 0:00:00]} 56. h8=Q {[%emt 0:00:00]} a1=Q {[%emt 0:00:00]} 57. Qd7+ {[%emt 0:00:00]} Kb6 {[%emt 0:00:00]} 58. Qhd8+ {[%emt 0:00:00]} 1-0

[Event "23rd OIBM 2019"]
[Site "Gmund am Tegernsee"]
[Date "2019.11.03"]
[Round "9.35"]
[White "Schaefer, Michael"]
[Black "Hess, Max"]
[Result "0-1"]
[WhiteElo "2160"]
[BlackElo "2373"]
[Annotator "TA"]
[PlyCount "118"]
[EventDate "2019.10.17"]
[EventType "swiss"]
[EventCountry "GER"]
[SourceTitle "playchess.com"]
[Source "ChessBase"]
[SourceQuality "1"]

{[%evp 19,118,11,14,-9,1,0,-4,-11,-12,-41,-2,-9,-4,-79,-67,-69,-81,-75,-83,-113,-74,-95,-81,-177,-53,-74,-80,-60,-71,-118,-16,-14,-8,-6,4,0,12,-29,-7,-19,0,-10,0,-15,0,-8,0,0,0,-1,-6,-20,53,-44,31,47,102,103,104,120,111,101,80,0,149,93,100,83,81,81,189,133,133,127,457,457,439,439,435,424,435,411,402,341,479,478,464,455,483,456,601,592,750,724,740,710,676,-29993,-29994,-29998,-29999]} 1. Nf3 Nf6 2. g3 g6 3. b3 Bg7 4. Bb2 O-O 5. Bg2 d6 6. d4 c5 7. O-O cxd4 8. Nxd4 d5 9. c4 dxc4 10. bxc4 Qb6 11. Bc3 {A49: 1 d4 Nf6 2 Nf3 g6 3 g3: Anti-King's Indian systems} (11. Qc1 Nc6 12. Nxc6 bxc6 13. Nd2 Rd8 14. Nb3 Qc7 15. Bd4 Rb8 16. Qc3 Ne8 17. Bxg7 Nxg7 18. Qa5 Ne8 19. Qxc7 Nxc7 20. Bxc6 {½-½ (75) Vidit,S (2718)-So,W (2780) chess.com INT 2018}) 11... e5 $146 ({Predecessor:} 11... Rd8 12. Qb3 Ne4 13. Bxe4 Bxd4 14. Bxd4 Rxd4 15. Nc3 Nc6 16. e3 Rd2 17. Rfd1 Rxd1+ 18. Rxd1 Be6 19. Nd5 Qxb3 20. axb3 Rc8 21. Nf4 Rd8 22. Rxd8+ Nxd8 23. Kf1 Kf8 24. Ke2 Bd7 25. Kd2 {½-½ (25) Schandorff,L (2501)-Andersen,M (2479) Svendborg 2016}) 12. Nb3 Nc6 13. N1d2 {The position is equal.} Rd8 14. h3 h5 15. Qc1 Bf5 $36 {[%mdl 2048] Black has some pressure.} 16. c5 (16. Qb2 $11 {keeps the balance.}) 16... Qa6 17. e4 Be6 18. Re1 Rac8 19. Qb2 Qa4 20. Bf1 Nd4 21. Na5 (21. Nxd4 $17 {was necessary.} exd4 22. Qb4 Qxb4 23. Bxb4) 21... Qd7 ({But not} 21... Rxc5 22. Nxb7 Rxc3 23. Qxc3 $15) (21... Bh6 $19 {White must now prevent ...Bxd2.} 22. f4 h4) 22. Bxd4 Qxd4 23. Qxd4 Rxd4 24. Ndb3 Rxe4 (24... Rb4 $17 {Threatening ...Rc7.} 25. Rac1 b6) 25. Nxb7 $11 Rxe1 26. Rxe1 Ne8 27. Bg2 f5 28. Rc1 e4 29. Bf1 Rc7 30. N7a5 Kf7 31. h4 Ke7 32. Rc2 Bf7 33. c6 Bd5 34. Ba6 Nd6 35. Bb7 Nb5 (35... Bxb3 $11 36. axb3 Bd4) 36. Kf1 (36. Nc5 $1 $14) 36... Nc3 (36... Na3 $15 37. Rc5 Kd6) 37. Nc5 $14 Kd6 ({Black should play} 37... Bxa2 $14 38. Na6 Bb1) 38. Na6 $16 Rxc6 39. Bxc6 Bxc6 40. Nxc6 Kxc6 {[%mdl 4096] Endgame KRN-KBN} 41. Ke1 (41. Rb2 $16) 41... Kd6 (41... Kb6 $1 $11 42. Nb8 Kc7) 42. Kd2 (42. Rd2+ $142 Ke7 43. Nc5) 42... Nd5 43. Rc8 Bd4 44. Ke1 Nf6 (44... Bb6 $16) 45. Ke2 ({Better is} 45. Rd8+ $18 Ke5 46. Nb8) 45... Bb6 46. Nb4 Ng4 $2 {[%mdl 8192] [#]} (46... Kd7 $16 47. Ra8 Ke6) 47. Rc6+ $18 Ke5 48. Rxg6 Bc5 49. Nc6+ Kd5 50. f3 exf3+ 51. Kxf3 a6 (51... Bd6 $142 52. Rxd6+ Kxd6) 52. Kg2 Ke4 53. Nd8 Ne3+ 54. Kh3 Kf3 55. Ne6 Ba7 56. Ng5+ {[%mdl 64] Discovered Attack} Kf2 57. Rxa6 Ng4 58. Rxa7 $4 {[%mdl 8192] [#]} (58. Rd6 $18 Kf1 59. Rd1+ Ke2 60. Rd5) 58... Kg1 $1 {[%cal Rg4f2]} 59. Nf3+ Kh1 {Accuracy: White = 54%, Black = 28%.} 0-1

[Event "23rd OIBM 2019"]
[Site "Gmund am Tegernsee"]
[Date "2019.11.03"]
[Round "9.36"]
[White "Ramaraju, N."]
[Black "Fiedorek, Michal"]
[Result "1/2-1/2"]
[WhiteElo "2139"]
[BlackElo "2343"]
[Annotator "TA"]
[PlyCount "105"]
[EventDate "2019.10.17"]
[EventType "swiss"]
[EventCountry "GER"]
[SourceTitle "playchess.com"]
[Source "ChessBase"]
[SourceQuality "1"]

{[%evp 13,105,34,42,51,39,47,55,29,62,67,85,80,154,144,144,137,150,79,191,154,212,175,188,123,116,114,120,124,145,114,147,122,99,30,87,83,89,81,88,75,95,53,56,0,99,103,107,0,77,30,27,0,0,0,0,0,0,0,0,0,0,0,0,0,0,0,0,0,0,0,0,0,0,0,0,0,0,0,0,0,0,0,0,0,0,0,0,0,0,0,0,0,0,0]} 1. d4 Nf6 2. c4 g6 3. Nc3 Bg7 4. e4 d6 5. h3 O-O 6. Be3 e5 7. d5 Nbd7 8. g4 {E71: King's Indian: 4 e4 d6 5 h3} Nc5 9. f3 a5 (9... c6 10. Qd2 cxd5 11. cxd5 Bd7 12. Nge2 h5 13. Nc1 Rc8 14. Nb3 Nxb3 15. axb3 {0-1 (64) Grandelius,N (2691)-McShane,L (2688) Eskilstuna 2019}) 10. Nge2 {White is slightly better.} Nfd7 11. h4 Nb6 12. Ng3 c6 (12... Bf6 $142) 13. Qd2 cxd5 14. cxd5 Bd7 $146 ({Predecessor:} 14... f5 15. gxf5 gxf5 {1-0 (35) Palac,M (2546)-Pijpers,A (2453) Batumi 2018}) 15. O-O-O ({White should play} 15. Nb5) 15... a4 (15... Nba4 $16) 16. Kb1 Rc8 (16... Nb3 $16 {was necessary.} 17. axb3 axb3) 17. Rc1 Na8 18. Bb5 (18. Nb5 $18 Bxb5 19. Bxb5) 18... Nc7 $16 19. Bxd7 Qxd7 20. h5 b5 21. Nd1 N7a6 22. Nf2 b4 23. Nd3 (23. Bh6 $16 {And now Bxg7 would win.} f6 24. hxg6 hxg6 25. Bxg7 Kxg7 26. Qh6+ Kf7 27. g5) 23... Qb5 (23... Nxd3 $11 {keeps the balance.} 24. Qxd3 Nc5 25. Bxc5 dxc5) 24. Nxc5 Nxc5 {[#]} 25. Qe2 $1 {[%cal Re2b5]} Qb7 26. Rc4 Rc7 27. Rhc1 {[%cal Re3c5]} Rfc8 28. Bxc5 ({Better is} 28. Nf1 $14) 28... dxc5 (28... Rxc5 $11 29. Rxc5 dxc5) 29. Qe3 Qb6 30. Rd1 ({White should try} 30. Nh1 $16) 30... Qd6 (30... Qb5 $11 {remains equal.} 31. Rdc1 Qa6) 31. Ne2 Bf8 32. f4 (32. g5 {keeps more tension.} Re8 33. Rg1 Be7 34. f4 Qa6 35. Rgc1) 32... exf4 {The position is equal.} 33. Qxf4 {Black must now prevent e5.} Re8 $1 34. Qxd6 Bxd6 35. hxg6 hxg6 {Hoping for ...Rce7.} 36. Nc1 Rce7 37. Re1 {[#]} f5 $1 {[%mdl 512]} 38. gxf5 (38. exf5 Rxe1) 38... gxf5 {[%cal Re7e4]} 39. Rg1+ Rg7 40. Rxg7+ Kxg7 41. exf5 $11 {[%mdl 4096] Endgame KRB-KRN} Re5 42. Kc2 Rxf5 {next ...Rf2+ is good for Black.} 43. Nd3 Rxd5 44. a3 bxa3 (44... Rf5 {looks sharper.} 45. axb4 cxb4 46. Rxb4 Bxb4 47. Nxb4) 45. bxa3 Rd4 46. Rxd4 cxd4 {KB-KN} 47. Nb2 Bxa3 48. Nxa4 Kf6 49. Kd3 Ke5 50. Nb6 Bd6 51. Nc4+ Kd5 52. Nxd6 Kxd6 53. Kxd4 {Accuracy: White = 62%, Black = 49%.} 1/2-1/2

[Event "23rd OIBM 2019"]
[Site "Gmund am Tegernsee"]
[Date "2019.11.03"]
[Round "9.37"]
[White "Schliebener, Stephan"]
[Black "Singer, Christoph"]
[Result "1/2-1/2"]
[WhiteElo "2124"]
[BlackElo "2339"]
[Annotator "TA"]
[PlyCount "31"]
[EventDate "2019.10.17"]
[EventType "swiss"]
[EventCountry "GER"]
[SourceTitle "playchess.com"]
[Source "ChessBase"]
[SourceQuality "1"]

{[%evp 16,31,25,11,29,27,25,23,22,17,25,27,30,8,10,0,0,0]} 1. d4 d5 2. c4 e6 3. Nc3 Be7 4. Bf4 Nf6 5. e3 O-O 6. Nf3 b6 7. Bd3 dxc4 8. Bxc4 Bb7 9. O-O a6 {D37: Queen's Gambit Declined: 5 Bf4} 10. Qe2 b5 11. Bd3 Nbd7 {White has an edge.} 12. Rfd1 Rc8 (12... Bd6 13. Bg5 h6 14. Bh4 c5 15. Ne4 Bxe4 16. Bxe4 Ra7 17. dxc5 Nxc5 {1-0 (26) Nakamura,H (2775)-Anand,V (2793) London 2014}) 13. Ne5 h6 14. Rac1 c5 15. Nxd7 $146 ({Predecessor:} 15. dxc5 Rxc5 16. Nxd7 Nxd7 17. Bh7+ Kxh7 {½-½ (25) Zoll,D (2018)-Reuter,M (1945) GER email 2012}) 15... Nxd7 16. dxc5 1/2-1/2

[Event "23rd OIBM 2019"]
[Site "Gmund am Tegernsee"]
[Date "2019.11.03"]
[Round "9.38"]
[White "Yugina, Maria"]
[Black "Forchert, Martin"]
[Result "1-0"]
[WhiteElo "2112"]
[BlackElo "2335"]
[Annotator "TA"]
[PlyCount "63"]
[EventDate "2019.10.17"]
[EventType "swiss"]
[EventCountry "GER"]
[SourceTitle "playchess.com"]
[Source "ChessBase"]
[SourceQuality "1"]

{[%evp 9,63,-6,6,8,15,18,20,12,50,39,41,36,55,31,24,24,28,24,35,29,30,16,27,37,43,12,12,7,11,5,24,35,21,0,8,-35,-17,-25,-31,-39,-12,-156,-159,-171,0,0,0,-2,0,-3,0,0,0,-3,664,664]} 1. f4 c5 2. Nf3 g6 3. g3 Bg7 4. Bg2 Nc6 5. d3 d6 6. O-O {A02: Bird's Opening} Bd7 (6... e5 7. e4 Nge7 8. c3 O-O 9. Na3 f5 10. fxe5 dxe5 11. Be3 b6 12. exf5 Bxf5 13. Ng5 Qxd3 14. Qb3+ Kh8 15. Rfe1 Bg4 16. Nf7+ Rxf7 17. Qxf7 {1-0 (47) Carlsen,M (2832)-Guseinov,G (2645) chess.com INT 2017}) 7. e4 Qc8 8. Nc3 {The position is equal.} Nh6 9. Nd5 f5 $146 ({Predecessor:} 9... O-O 10. c3 Bh3 11. f5 Bxg2 12. Kxg2 Ng4 13. h3 Nf6 14. Nxf6+ Bxf6 {1-0 (30) Bilalic,M-Rudlof,J Germany 1995}) 10. c3 O-O 11. Qe2 e6 {Threatens to win with ...fxe4.} 12. Ne3 Qc7 13. Bd2 Rae8 14. Rae1 b5 15. Qd1 Kh8 16. Ng5 Nf7 17. Nxf7+ Rxf7 18. exf5 gxf5 19. Qh5 Rff8 20. g4 Ne7 21. Rf3 fxg4 22. Qxg4 Rf6 23. Rg3 {[%csl Gg3][%cal Rg4g7]} Rg8 24. Rf1 d5 25. d4 {[#]} (25. Qe2 $11) 25... cxd4 $1 $17 26. cxd4 {[#]} Nf5 $2 (26... Rg6 $1 $19 {[%cal Rg6g4]} 27. Qh4 Bf6) 27. Nxf5 $11 Rxf5 28. Kh1 Be8 29. Qe2 $36 {[%mdl 2048] White has the initiative.} Qb6 30. Bh3 Bh5 31. Qg2 Bg6 $2 {[%mdl 8192]} (31... Rf6 $11) 32. Rxg6 {Accuracy: White = 53%, Black = 52%.} 1-0

[Event "23rd OIBM 2019"]
[Site "Gmund am Tegernsee"]
[Date "2019.11.03"]
[Round "9.39"]
[White "Parvanyan, Alfred"]
[Black "Guttenthaler, Franz"]
[Result "1/2-1/2"]
[WhiteElo "2107"]
[BlackElo "2328"]
[Annotator "TA"]
[PlyCount "83"]
[EventDate "2019.10.17"]
[EventType "swiss"]
[EventCountry "GER"]
[SourceTitle "playchess.com"]
[Source "ChessBase"]
[SourceQuality "1"]

{[%evp 9,83,7,6,-1,-5,-19,-21,-35,-46,-57,-46,-23,-42,-53,-31,-42,-21,-28,-29,-54,0,-7,0,0,0,0,0,-17,0,0,12,12,12,29,86,0,0,0,0,0,33,0,5,0,4,0,0,0,0,0,0,0,0,0,153,0,212,212,212,177,183,103,184,154,156,0,0,0,0,0,0,0,0,0,0,0]} 1. d4 e6 2. Nf3 Nf6 3. g3 b5 4. Bg2 Bb7 5. O-O c5 6. dxc5 {A46: 1 d4 Nf6 2 Nf3 e6: Torre, London and Colle Systems} (6. c3 Na6 7. Bg5 Be7 8. Nbd2 O-O 9. e3 h6 10. Bxf6 Bxf6 11. Qe2 cxd4 12. cxd4 Qb6 13. Rfc1 Rfc8 14. Ne1 Bxg2 15. Kxg2 Nb4 16. a3 Nc6 17. Ne4 {½-½ (44) Georgiev,K (2581)-Ponkratov,P (2644) Mali Losinj 2019}) 6... Bxc5 7. a4 b4 8. a5 $146 ({Predecessor:} 8. Nbd2 O-O 9. Nb3 Be7 10. a5 {0-1 (42) Bates,R (2346)-Adair,J (2420) Leeds 2014}) 8... O-O 9. Nbd2 Na6 10. Nb3 Be7 11. Be3 d5 12. Qd3 Ne4 13. Nfd2 {[%cal Rd2e4]} Nd6 14. Nc5 Nxc5 (14... Bc6 {feels hotter.} 15. Nxa6 Bb5 16. Qb3 Bxa6 17. Qxb4 Rc8) 15. Bxc5 Qc8 16. Bxd6 Bxd6 17. a6 $1 {[%cal Ra6b7]} Bc6 18. e4 {[%cal Re4d5]} Rd8 19. exd5 Bf8 {[%cal Rc6d5]} 20. dxc6 Rxd3 21. cxd3 {c7! is the strong threat.} Bd6 {[#]} (21... Rb8 $11) 22. c7 $1 {[%mdl 512]} Bxc7 $11 {Hoping for ...Rb8.} (22... Qxc7 23. Bxa8) 23. Bxa8 Qxa8 24. Rfc1 Bd8 25. Ra4 Qb8 26. Rc4 Be7 $1 27. Nb3 h5 28. Nd4 Qb6 29. Nc6 $36 {[%mdl 2048] White has some pressure.} Bc5 30. d4 $1 Qxc6 (30... Qb5 $5 31. b3 $8 Bb6 $14) 31. Raxb4 {[%mdl 64] [#] Pin} h4 $2 ({Black should play} 31... Qf3 $11 32. dxc5 Qd1+ 33. Kg2 Qd5+ 34. f3 Qd2+ 35. Kg1 (35. Kh3 Qd1 $11) 35... Qd1+ 36. Kg2 Qe2+ 37. Kg1 Qd1+ 38. Kg2 Qe2+ 39. Kg1 Qd1+) 32. gxh4 $2 ({Inferior is} 32. Rxc5 Qf3 $11) ({Only move:} 32. dxc5 $16 h3 33. Kf1) 32... Qxa6 $2 (32... Qf3 $11 33. dxc5 Qd1+ 34. Kg2 Qd5+ 35. f3 Qd2+ 36. Kh3 Qf2) 33. dxc5 $16 {[%mdl 4096] Endgame Strongly threatening c6. KQ-KRR} Qc6 34. Ra4 e5 35. h5 (35. Ra3 $18) 35... a6 (35... e4 $16) 36. Rab4 f5 37. b3 $2 ({White should try} 37. Kf1 $16) 37... Qf3 $11 {The position is equal.} 38. c6 {Threatens to win with c7.} e4 39. c7 Qd1+ 40. Kg2 Qf3+ 41. Kg1 Qd1+ 42. Kg2 {Accuracy: White = 33%, Black = 55%.} 1/2-1/2

[Event "23rd OIBM 2019"]
[Site "Gmund am Tegernsee"]
[Date "2019.11.03"]
[Round "9.40"]
[White "Lavrinenkov, Vadim"]
[Black "Paris, Michael"]
[Result "1/2-1/2"]
[WhiteElo "2306"]
[BlackElo "2186"]
[Annotator "TA"]
[PlyCount "152"]
[EventDate "2019.10.17"]
[EventType "swiss"]
[EventCountry "GER"]
[SourceTitle "playchess.com"]
[Source "ChessBase"]
[SourceQuality "1"]

{[%evp 11,152,8,17,4,26,0,18,14,20,-24,0,0,20,0,13,0,0,0,0,0,0,-13,-10,-18,-21,-16,-22,-14,2,-6,2,0,7,6,0,-19,0,-17,-3,-73,0,-12,-15,-14,-11,-15,-12,-12,-12,-13,-25,-24,0,0,0,0,0,0,0,-15,0,0,0,0,0,0,0,0,43,0,0,0,0,0,0,0,0,0,0,0,13,8,73,75,100,100,107,104,102,31,45,0,0,0,76,48,69,69,69,70,69,69,70,70,80,74,122,131,225,148,206,215,207,177,171,133,158,155,170,161,158,156,151,110,114,110,119,106,118,118,108,0,0,0,0,0,0,0,0,0,0,0,0]} 1. d4 d5 2. c4 e6 3. Nf3 Nf6 4. Nc3 Bb4 5. Qa4+ Nc6 6. e3 O-O 7. Qc2 {D38: Queen's Gambit Declined: Ragozin Defence (4 Nf3 Bb4)} Bd6 (7... Re8 8. Bd2 a6 9. a3 Bd6 10. Rd1 Bd7 11. h3 h6 12. c5 Bf8 13. Ne5 Nxe5 14. dxe5 Ne4 15. Nxe4 dxe4 {1-0 (93) So,W (2767)-Vidit,S (2718) Khanty-Mansiysk 2019}) 8. Bd2 dxc4 9. Bxc4 e5 10. d5 Ne7 11. e4 Ng6 $146 ({Predecessor:} 11... Bg4 12. Qd3 c6 13. h3 Bxf3 14. Qxf3 b5 15. Bb3 {½-½ (60) Mica,M (2212)-Sernecki,F (2278) Marianske Lazne 2019}) 12. h3 Nh5 13. g3 Bd7 14. Bb5 Bxb5 15. Nxb5 Qd7 16. Nc3 Rac8 17. Qa4 Qxa4 18. Nxa4 b5 19. Nc3 a6 20. Be3 Nf6 21. Nd2 c6 22. dxc6 Rxc6 23. f3 Bb4 24. Ndb1 Ne7 25. O-O {[#]} (25. Kf2 $11) 25... Rd8 (25... Nh5 $1 $17 26. Kg2 f5) 26. a3 Bc5 27. Bxc5 Rxc5 28. Rf2 Nc6 29. Nd2 Nd4 30. Nf1 Nb3 31. Re1 Rd3 (31... Ne8 {feels hotter.} 32. Nd5 Nc7 33. Nfe3 f6 34. Rd1 Kf7) 32. Re3 Rxe3 33. Nxe3 Kf8 34. Kg2 Rc8 35. Nc2 Rd8 36. Nb4 Rd6 37. Rc2 Nd7 38. Ncd5 {[%cal Rc2c8]} Ndc5 39. Rc3 f6 (39... f5 $5) 40. Kf2 f5 41. Nd3 Nxd3+ 42. Rxd3 fxe4 43. fxe4 $11 {[%mdl 4096] Endgame KRN-KRN} Nd4 44. Rc3 Rc6 45. Nb4 Rf6+ 46. Kg2 a5 {[#]} (46... Rd6 $11 {remains equal.}) 47. Rc8+ $1 $16 Kf7 48. Nd3 Re6 49. Rc5 Kf6 50. Rd5 (50. Kf2 $16) 50... Rc6 $14 51. Nxe5 Rc2+ 52. Kf1 Nb3 (52... Ne2 $1 $11 {keeps the balance.}) 53. Ng4+ Kg6 54. Rxb5 Rxb2 55. Kg1 {Threatens to win with a4.} a4 56. Rb4 Ra2 57. Rxa4 h5 58. Ne5+ Kh7 59. Nf3 Nc1 (59... Nc5 $16 60. Ng5+ Kh6) 60. Ra5 Kg8 (60... Ne2+ $16 61. Kf2 Nc1+ 62. Kf1 Kg6 63. Ne5+ Kf6) 61. Ng5 {[%cal Ra5a8]} Kf8 62. Kf1 Nb3 63. Ra8+ Ke7 64. e5 Nd2+ 65. Kg1 Nc4 66. Ra7+ Ke8 67. Rxg7 {e6 is the strong threat.} Rxa3 68. Ne4 Nxe5 69. Nf6+ Kf8 70. Nxh5 Ra2 71. h4 ({White should try} 71. Kf1 $16) 71... Nf3+ $11 {The position is equal.} 72. Kf1 {Strongly threatening Rg6.} Rd2 $1 73. Rg6 {And now Rf6+ would win.} Nh2+ 74. Ke1 Nf3+ 75. Kf1 {aiming for Rf6+.} Nh2+ 76. Ke1 Nf3+ {Accuracy: White = 53%, Black = 57%.} 1/2-1/2

[Event "23rd OIBM 2019"]
[Site "Gmund am Tegernsee"]
[Date "2019.11.03"]
[Round "9.41"]
[White "De Ruijter, Luuk"]
[Black "Seemann, Jakub"]
[Result "1-0"]
[WhiteElo "2214"]
[BlackElo "1967"]
[Annotator "ChessBase"]
[PlyCount "71"]
[EventDate "2019.10.17"]
[EventType "swiss"]
[EventCountry "GER"]
[SourceTitle "playchess.com"]
[Source "ChessBase"]
[SourceQuality "1"]
[TimeControl "40/5400+30:1800+30"]

1. d4 {[%emt 0:00:00]} Nf6 {[%emt 0:00:00]} 2. Nf3 {[%emt 0:00:00]} g6 {[%emt 0:00:00]} 3. g3 {[%emt 0:00:08]} Bg7 {[%emt 0:00:04]} 4. Bg2 {[%emt 0:00:14]} O-O {[%emt 0:00:10]} 5. O-O {[%emt 0:00:17]} d6 {[%emt 0:00:08]} 6. b3 {[%emt 0:00:18]} Nbd7 {[%emt 0:00:48]} 7. Bb2 {[%emt 0:00:51]} Ne4 {[%emt 0:01:40]} 8. Nbd2 {[%emt 0:00:50]} Nxd2 {[%emt 0:00:31]} 9. Qxd2 {[%emt 0:00:14]} Nf6 {[%emt 0:01:09]} 10. c4 {[%emt 0:00:33]} Ne4 {[%emt 0:01:30]} 11. Qe3 {[%emt 0:01:42]} f5 {[%emt 0:00:56]} 12. Nd2 {[%emt 0:07:57]} Nf6 {[%emt 0:05:51]} 13. Qd3 {[%emt 0:01:24]} e6 {[%emt 0:09:34]} 14. Rad1 {[%emt 0:01:56]} d5 {[%emt 0:01:25]} 15. Qc2 {[%emt 0:00:28]} Qe7 {[%emt 0:01:41]} 16. Nf3 {[%emt 0:01:32]} c6 {[%emt 0:12:27]} 17. Ne5 {[%emt 0:00:52]} Nd7 {[%emt 0:00:36]} 18. f4 {[%emt 0:02:14]} Nf6 {[%emt 0:03:29]} 19. Qc1 {[%emt 0:03:20]} Re8 {[%emt 0:01:56]} 20. e3 {[%emt 0:00:26]} Ne4 {[%emt 0:00:48]} 21. Bxe4 {[%emt 0:00:24]} fxe4 {[%emt 0:00:32]} 22. Ba3 {[%emt 0:00:41]} Qd8 {[%emt 0:00:42]} 23. Qc2 {[%emt 0:01:02]} Bd7 {[%emt 0:04:44]} 24. Bd6 {[%emt 0:00:31]} Bf6 {[%emt 0:07:48]} 25. Qe2 {[%emt 0:00:42]} b5 {[%emt 0:02:57]} 26. Rc1 {[%emt 0:02:44]} Bc8 {[%emt 0:01:47]} 27. c5 {[%emt 0:01:26]} Bb7 {[%emt 0:00:18]} 28. h4 {[%emt 0:00:40]} Be7 {[%emt 0:05:27]} 29. h5 {[%emt 0:00:19]} Bxd6 {[%emt 0:00:33]} 30. cxd6 {[%emt 0:00:10]} Qxd6 {[%emt 0:01:02]} 31. hxg6 {[%emt 0:00:32]} Re7 {[%emt 0:02:23]} 32. Kg2 {[%emt 0:00:36]} hxg6 {[%emt 0:01:32]} 33. Rh1 {[%emt 0:00:46]} Rg7 {[%emt 0:00:50]} 34. Rh6 {[%emt 0:00:39]} Kf8 {[%emt 0:02:14]} 35. Qg4 {[%emt 0:00:48]} Ke7 {[%emt 0:01:43]} 36. Qg5+ {[%emt 0:00:18]} 1-0